| Tag |
First Indicator |
Second Indicator |
Subfields |
| LEADER |
00000cam a2200000Ia 4500 |
| 001 |
in00002000485 |
| 005 |
20151031131840.0 |
| 008 |
990927s1999 xo b 000 0 slo d |
| 020 |
|
|
|a 8096775332
|
| 035 |
|
|
|a (OCoLC)ocm43055661
|
| 040 |
|
|
|a EQO
|c EQO
|d WAU
|d TXA
|d UtOrBLW
|
| 041 |
0 |
|
|a slo
|b ger
|
| 043 |
|
|
|a e-xo---
|
| 049 |
|
|
|a TXAM
|
| 090 |
|
|
|a DS135.S55
|b N59 1999
|
| 100 |
1 |
|
|a Nižňanský, Eduard.
|
| 245 |
1 |
0 |
|a Židovská komunita na Slovensku medzi československou parlamentnou demokraciou a slovenským štátom v stredoeurópskom kontexte /
|c Eduard Nižňanský.
|
| 264 |
|
1 |
|a Prešov :
|b Universum,
|c 1999.
|
| 300 |
|
|
|a 293 pages ;
|c 21 cm.
|
| 336 |
|
|
|a text
|b txt
|2 rdacontent
|
| 337 |
|
|
|a unmediated
|b n
|2 rdamedia
|
| 338 |
|
|
|a volume
|b nc
|2 rdacarrier
|
| 504 |
|
|
|a Includes bibliographical references (pages 288-291).
|
| 546 |
|
|
|a Summary in German.
|
| 650 |
|
0 |
|a Jews
|z Slovakia
|x History
|y 20th century.
|
| 651 |
|
0 |
|a Slovakia
|x History
|y 1938-1945.
|
| 948 |
|
|
|a cataloged
|b h
|c 2004/11/9
|d c
|e tchubaryan
|f 1:09:16 pm
|
| 994 |
|
|
|a E0
|b TXA
|
| 999 |
|
|
|a MARS
|
| 999 |
f |
f |
|s af793735-30ff-3b0c-8fe6-af7affe1b2ef
|i 58fbe791-df4f-3ae0-b33a-3d5d378e7de7
|t 0
|
| 952 |
f |
f |
|p normal
|a Texas A&M University
|b College Station
|c Sterling C. Evans Library
|d Evans: Library Stacks
|t 0
|e DS135.S55 N59 1999
|h Library of Congress classification
|i unmediated -- volume
|m A14832282724
|
| 998 |
f |
f |
|a DS135.S55 N59 1999
|t 0
|l Evans: Library Stacks
|